Architectural detail CAD construction Atlas / (Record no. 24067)
[ view plain ]
| 000 -LEADER | |
|---|---|
| fixed length control field | 01741nam a22004215a 4500 |
| 003 - CONTROL NUMBER IDENTIFIER | |
| control field | EG-ScBUE |
| 005 - DATE AND TIME OF LATEST TRANSACTION | |
| control field | 20220911120454.0 |
| 006 - FIXED-LENGTH DATA ELEMENTS--ADDITIONAL MATERIAL CHARACTERISTICS--GENERAL INFORMATION | |
| fixed length control field | m||||fq||h 00| 0 |
| 008 - FIXED-LENGTH DATA ELEMENTS--GENERAL INFORMATION | |
| fixed length control field | 170201s2015 cc a f 000 0 eng d |
| 020 ## - INTERNATIONAL STANDARD BOOK NUMBER | |
| International Standard Book Number | 9787503876622 (v. 1) |
| 020 ## - INTERNATIONAL STANDARD BOOK NUMBER | |
| International Standard Book Number | 9787503876639 (v. 2) |
| 020 ## - INTERNATIONAL STANDARD BOOK NUMBER | |
| International Standard Book Number | 9787503876646 (v. 3) |
| 020 ## - INTERNATIONAL STANDARD BOOK NUMBER | |
| International Standard Book Number | 9787503876653 (v. 4) |
| 020 ## - INTERNATIONAL STANDARD BOOK NUMBER | |
| International Standard Book Number | 9787900291271 (CD with Book) |
| 040 ## - CATALOGING SOURCE | |
| Original cataloging agency | EG-ScBUE |
| Language of cataloging | eng |
| Description conventions | rda |
| Transcribing agency | EG-ScBUE |
| Modifying agency | EG-ScBUE |
| 082 04 - DEWEY DECIMAL CLASSIFICATION NUMBER | |
| Classification number | 720.2840285 |
| Item number | FAN |
| Edition number | 22 |
| 100 1# - MAIN ENTRY--PERSONAL NAME | |
| Personal name | Fan, Siliang, |
| Relator term | author. |
| 240 10 - UNIFORM TITLE | |
| Uniform title | <a href="建筑细部CAD施工图集.">建筑细部CAD施工图集.</a> |
| Language of a work | English |
| 245 10 - TITLE STATEMENT | |
| Title | Architectural detail CAD construction Atlas / |
| Statement of responsibility, etc | Siliang Fan, Jiali Yang, Yuejun Li. |
| 264 #1 - PUBLICATION, DISTRIBUTION, ETC. (IMPRINT) | |
| Place of publication, distribution, etc | Beijing : |
| Name of publisher, distributor, etc | ZGLYCBS, |
| Date of publication, distribution, etc | 2015. |
| 300 ## - PHYSICAL DESCRIPTION | |
| Extent | 4 volumes : |
| Other physical details | illustrations ; |
| Dimensions | 29 cm + |
| Accompanying material | 1 CD |
| 336 ## - CONTENT TYPE | |
| Source | rdacontent |
| Content type term | text |
| Content type code | txt |
| 336 ## - CONTENT TYPE | |
| Source | rdacontent |
| Content type term | sounds |
| Content type code | snd |
| 337 ## - MEDIA TYPE | |
| Source | rdamedia |
| Media type term | unmediated |
| Media type code | n |
| 337 ## - MEDIA TYPE | |
| Source | rdamedia |
| Media type term | audio |
| Media type code | s |
| 338 ## - CARRIER TYPE | |
| Source | rdacarrier |
| Carrier type term | volume |
| Carrier type code | nc |
| 338 ## - CARRIER TYPE | |
| Source | rdacarrier |
| Carrier type term | computer disc |
| Carrier type code | cd |
| 505 0# - FORMATTED CONTENTS NOTE | |
| Formatted contents note | v. 1. Staircase building construction -- v. 2. Doors, Windows Skylights and European Components -- v. 3. Glass curtain wall, wall structure, balcony Yupeng and waterproof practices -- v. 4. Steel beam node structure detail, steel column node structure detail, steel platform node detail, component production node detail and steel frame node detail. |
| 650 #7 - SUBJECT ADDED ENTRY--TOPICAL TERM | |
| Topical term or geographic name as entry element | Architectural drawing |
| General subdivision | Computer-aided design. |
| Source of heading or term | BUEsh |
| 9 (RLIN) | 25994 |
| 650 #7 - SUBJECT ADDED ENTRY--TOPICAL TERM | |
| Topical term or geographic name as entry element | Architecture |
| General subdivision | Details. |
| Source of heading or term | BUEsh |
| 9 (RLIN) | 26368 |
| 650 #7 - SUBJECT ADDED ENTRY--TOPICAL TERM | |
| Topical term or geographic name as entry element | Architectural design. |
| Source of heading or term | BUEsh |
| 651 ## - SUBJECT ADDED ENTRY--GEOGRAPHIC NAME | |
| Source of heading or term | BUEsh |
| 653 ## - INDEX TERM--UNCONTROLLED | |
| Resource For college | Engineering, Architecture |
| Arrived date list | February2017 |
| 655 ## - INDEX TERM--GENRE/FORM | |
| Form subdivision | Reading book |
| 9 (RLIN) | 34232 |
| 700 1# - ADDED ENTRY--PERSONAL NAME | |
| Personal name | Yang, Jiali, |
| Relator term | author. |
| 700 1# - ADDED ENTRY--PERSONAL NAME | |
| Personal name | Li, Yuejun, |
| Relator term | author. |
| 942 ## - ADDED ENTRY ELEMENTS (KOHA) | |
| Source of classification or shelving scheme | Dewey Decimal Classification |
| Koha item type | Book - Borrowing |
| Withdrawn status | Lost status | Source of classification or shelving scheme | Damaged status | Not for loan | Collection code | Home library | Current library | Shelving location | Date acquired | Source of acquisition | Cost, normal purchase price | Serial Enumeration / chronology | Total Checkouts | Full call number | Barcode | Date last seen | Cost, replacement price | Price effective from | Koha item type | Public note |
|---|---|---|---|---|---|---|---|---|---|---|---|---|---|---|---|---|---|---|---|---|
| Dewey Decimal Classification | International Marketing Center | Central Library | Central Library | Second Floor | 01/02/2017 | Purchase | 1100.00 | 2547 | 720.2840285 FAN | 000041087 | 15/07/2025 | 1375.00 | 01/02/2017 | NB - Book (Non borrowing) | VOL. 1. | |||||
| Dewey Decimal Classification | International Marketing Center | Central Library | Central Library | Second Floor | 01/02/2017 | Purchase | 1100.00 | 2547 | 720.2840285 FAN | 000041088 | 15/07/2025 | 1375.00 | 01/02/2017 | NB - Book (Non borrowing) | VOL. 2. | |||||
| Dewey Decimal Classification | International Marketing Center | Central Library | Central Library | Second Floor | 01/02/2017 | Purchase | 1100.00 | 2547 | 720.2840285 FAN | 000041089 | 15/07/2025 | 1375.00 | 01/02/2017 | NB - Book (Non borrowing) | VOL. 3. | |||||
| Dewey Decimal Classification | International Marketing Center | Central Library | Central Library | Second Floor | 01/02/2017 | Purchase | 1100.00 | 2547 | 720.2840285 FAN | 000041090 | 15/07/2025 | 1375.00 | 01/02/2017 | NB - Book (Non borrowing) | VOL. 4. | |||||
| Dewey Decimal Classification | International Marketing Center | Central Library | Central Library | First floor | 01/02/2017 | Purchase | 1100.00 | 2547 | 720.2840285 FAN | 000041091 | 24/08/2022 | 1375.00 | 01/02/2017 | CD | DVD - With book (NB) | CD |